| 000 | 00407nam a2200181Ia 4500 | ||
|---|---|---|---|
| 001 | 9816 | ||
| 005 | 20260306161746.0 | ||
| 008 | 260306t2007||||xx |||||||||||||| ||spa|| | ||
| 041 | _aESP | ||
| 082 |
_a465 _bG28 |
||
| 100 |
_aGatti Murriel, Carlos _eAUT |
||
| 245 | 0 | _aElementos de gramática española | |
| 260 | _c2007 | ||
| 300 |
_a _c |
||
| 650 | _aGEN | ||
| 654 | _aCHU | ||
| 942 |
_cLIB _dJUS _fJUS _2ddc _n |
||
| 999 |
_c9816 _d9816 |
||